000 00637nam a22002417a 4500
003 UA-OsUOA
001 37332
007 ta
008 20060306b un ||||| |||| 00| 0 ukr d
100 _aСтахівський В.І.
090 _a330.1
_bС78
942 _cBK
040 _aUA-OsUOA
_bukr
_cUA-OsUOA
_dUA-OsUOA
245 _aОбмін у суспільному виробництві
_bМонографія
300 _a182 с.
955 _a2
041 _aukr
080 _a330.1
020 _a966-574-640-5
260 _aК.
_bКНЕУ
_c2004
650 7 _a330 Економіка взагалі
_2UDC
999 _c323529
_d323529